Ship operating costs annual review and forecast - 2005/06
Αποθηκεύτηκε σε:
| Συγγραφή απο Οργανισμό/Αρχή: | |
|---|---|
| Μορφή: | Βιβλίο |
| Γλώσσα: | English |
| Δημοσίευση: |
London :
Drewry Shipping Consultants,
c2005
|
| Θέματα: | |
| Ετικέτες: |
Προσθήκη ετικέτας
Δεν υπάρχουν, Καταχωρήστε ετικέτα πρώτοι!
|
MARC
| LEADER | 00000nam a2200000 i 4500 | ||
|---|---|---|---|
| 001 | 1/75517 | ||
| 008 | 080222s2005 eng d | ||
| 035 | |l 10094937 | ||
| 040 | |a GR-MY-UA |b gre |e aacr | ||
| 041 | 0 | |a eng | |
| 082 | 0 | |a 387.51 |2 (22) | |
| 110 | 2 | |a Drewry Shipping Consultants. | |
| 245 | 1 | 0 | |a Ship operating costs annual review and forecast - 2005/06 / |c Drewry Shipping Consultants |
| 260 | |a London : |b Drewry Shipping Consultants, |c c2005 | ||
| 300 | |a vi,236 σ.; |c 30 εκ. | ||
| 500 | |a June 2005 | ||
| 650 | 0 | 0 | |a Shipping |x Finance. |
| 650 | 0 | 0 | |a Ships |x Cost of operation. |
| 852 | |a INST |b CHIOS |e 20080222 |h 387.51 DRE |p 005200027756 |q 005200027756 |t BK |y 600 | ||
| 901 | |a BIBL2-2008-1 | ||
| 909 | |a Χ |b 145548 | ||
| 922 | |a 2ΕΛΗ |b 200801 |c ΕΠΕΑΕΚ2/ΤΝΕΥ |d ΕΛΕΥΘΕΡΟΥΔΑΚΗΣ | ||
| 970 | |a ΒΑΣΙΛΑΚΗ |b ΝΙΚΗ |z 2008/02/22 | ||